<?xml version="1.0" encoding="UTF-8"?><record xmlns="http://www.loc.gov/MARC21/slim" xmlns:zs="http://docs.oasis-open.org/ns/search-ws/sruResponse">
  <leader>00702cz  a2200205n  4500</leader>
  <controlfield tag="001">n  81125523 </controlfield>
  <controlfield tag="003">DLC</controlfield>
  <controlfield tag="005">20100514075718.0</controlfield>
  <controlfield tag="008">811220n| acannaabn          |a ana      </controlfield>
  <datafield ind1=" " ind2=" " tag="010">
    <subfield code="a">n  81125523 </subfield>
    <subfield code="z">n  83192886 </subfield>
  </datafield>
  <datafield ind1=" " ind2=" " tag="034">
    <subfield code="d">W0904400</subfield>
    <subfield code="e">W0904400</subfield>
    <subfield code="f">N0384600</subfield>
    <subfield code="g">N0384600</subfield>
    <subfield code="2">geonames</subfield>
  </datafield>
  <datafield ind1=" " ind2=" " tag="035">
    <subfield code="a">(OCoLC)oca00670437</subfield>
  </datafield>
  <datafield ind1=" " ind2=" " tag="040">
    <subfield code="a">DLC</subfield>
    <subfield code="b">eng</subfield>
    <subfield code="c">DLC</subfield>
    <subfield code="d">OkU</subfield>
    <subfield code="d">OCoLC</subfield>
  </datafield>
  <datafield ind1=" " ind2=" " tag="043">
    <subfield code="a">n-us-mo</subfield>
  </datafield>
  <datafield ind1=" " ind2=" " tag="151">
    <subfield code="a">Saint Charles County (Mo.)</subfield>
  </datafield>
  <datafield ind1=" " ind2=" " tag="451">
    <subfield code="w">nnaa</subfield>
    <subfield code="a">St. Charles Co., Mo.</subfield>
  </datafield>
  <datafield ind1=" " ind2=" " tag="451">
    <subfield code="a">St. Charles County (Mo.)</subfield>
  </datafield>
  <datafield ind1=" " ind2=" " tag="670">
    <subfield code="a">Brink (W. R.) and Company.</subfield>
    <subfield code="b">Illustrated atlas map ... 1875.</subfield>
  </datafield>
  <datafield ind1=" " ind2=" " tag="670">
    <subfield code="a">GeoNames, algorithmically matched, 2009</subfield>
    <subfield code="b">(adm2; 38°46ʹ00ʺN 090°44ʹ00ʺW)</subfield>
  </datafield>
  <datafield ind1=" " ind2="0" tag="781">
    <subfield code="z">Missouri</subfield>
    <subfield code="z">Saint Charles County</subfield>
  </datafield>
</record>
